Central Library OPAC University of Rajshahi

The Code of civil procedure Act V of 1908 / (Record no. 49832)

MARC details
000 -LEADER
fixed length control field 00706nam a2200229ua 4500
001 - CONTROL NUMBER
control field 49832
003 - CONTROL NUMBER IDENTIFIER
rucl marc code BD-RjUL
005 - DATE AND TIME OF LATEST TRANSACTION
control field 20211209054733.0
008 - FIXED-LENGTH DATA ELEMENTS--GENERAL INFORMATION
fixed length control field 160822s1953 pk 001 0 eng
035 ## - SYSTEM CONTROL NUMBER
System control number (BD-RjUL)49952
040 ## - CATALOGING SOURCE
Original cataloging agency DLC
Transcribing agency CarP
Modifying agency DLC
-- BD-RjUL
Language of cataloging eng
041 ## - LANGUAGE CODE
Language code of text/sound track or separate title eng
082 ## - DEWEY DECIMAL CLASSIFICATION NUMBER
Edition number 23
Classification number 347.5095491
Author mark and year MUC 1953
100 ## - MAIN ENTRY--PERSONAL NAME
Personal name Mulla, dinshah fardunji
9 (RLIN) 142261
245 14 - TITLE STATEMENT
Title The Code of civil procedure Act V of 1908 /
Statement of responsibility, etc. dinshah fardunji Mulla
250 ## - EDITION STATEMENT
Edition statement 12th ed.
260 ## - PUBLICATION, DISTRIBUTION, ETC. (IMPRINT)
Place of publication, distribution, etc. Lahore :
Name of publisher, distributor, etc. All Pakistan Legal Division,
Date of publication, distribution, etc. 1953.
300 ## - PHYSICAL DESCRIPTION
Pagination lx, 1794 p. ;
Size 24 cm.
650 #0 - SUBJECT ADDED ENTRY--TOPICAL TERM
Topical term or geographic name as entry element Civil procedure
Geographic subdivision Pakistan.
9 (RLIN) 142262
710 2# - ADDED ENTRY--CORPORATE NAME
Corporate name or jurisdiction name as entry element Fazal i-Haq. [from old catalog]
9 (RLIN) 142263
942 ## - ADDED ENTRY ELEMENTS (KOHA)
Source of classification or shelving scheme Dewey Decimal Classification
Koha item type Books
Holdings
Lost status Source of classification or shelving scheme Damaged status Not for loan Collection code Permanent Location Current Location Shelving location Date acquired Source of acquisition Cost, normal purchase price Total Checkouts Full call number Date last seen Copy number Koha item type
  Dewey Decimal Classification     Non-fiction Central Library, University of Rajshahi Central Library, University of Rajshahi   02/03/1955 U.B.D. 40.00   347.5095491 MUC 1953 22/08/2016 C-2 Books
  Dewey Decimal Classification   Not For Loan Non-fiction Central Library, University of Rajshahi Central Library, University of Rajshahi Reading Room 10/04/1956 Eastern law house 40.00   347.5095491 MUC 1953 26/10/2021 C-1 Books